00347nam a2200121Ia 4500008004100000082001700041100001700058245003700075260003300112365000600145630003700151730003700188100415s9999 xx 000 0 und d b2670a954.03 aMaconochie,E aLife In The Indian Ciliv Service aLONDONc1926bCHAPMAN & HALL b0 aLife In The Indian Ciliv Service aLife In The Indian Ciliv Service